| 000 | 00493nam a22001817a 4500 | ||
|---|---|---|---|
| 003 | NUST - PNEC | ||
| 005 | 20170116180833.0 | ||
| 008 | 150803b xxu||||| |||| 00| 0 eng d | ||
| 020 | _a0070990050 | ||
| 040 | _cLIBRARY | ||
| 082 | _a515.15 AYR | ||
| 100 |
_94769 _a Ayres, Frank, |
||
| 245 |
_aSchaum's outline of theory and problems of differential and integral calculus _c Frank,Ayres, |
||
| 250 | _a2nd ed | ||
| 260 | _c1972, 1981 | ||
| 650 |
_94771 _aCalculus _xME |
||
| 942 |
_2ddc _cBK |
||
| 999 |
_c64120 _d64120 |
||